Mi hermano Tom / (Registro nro. 9458)

Detalles MARC
000 -LIDER
fixed length control field 00749cam a2200289 c 4500
001 - NÚMERO DE CONTROL
Identificador de número de control 506268
003 - IDENTIFICACDOR DE NÚMERO DE CONTROL
control field DO-SdBNP
005 - DATE AND TIME OF LATEST TRANSACTION
control field 20180131113238.0
007 - CAMPOS FIJOS DE DESCRIPCIÓN FÍSICA
fixed length control field 506268
008 - ELEMENTOS DE LONGITUD FIJA
fixed length control field 110610s1966 sp | |||| 000 j spa
017 ## - NÚMERO DE REGISTRO DE DERECHOS DE AUTOR
Copyright or legal deposit number
Assigning agency
020 ## - ISBN
International Standard Book Number 8440610831
035 ## - NÚMERO LOCAL
System control number
040 ## - FUENTE DE CATALOGACIÓN
Agencia que crea de manera original el registro BPMSU
Idioma de catalogación spa
Agencia que realiza la transcripción BPMSU
Convenciones de la despripción
041 1# - CÓDIGOS DE OBRAS TRADUCIDAS O EN VARIOS IDIOMAS
Código del idioma del texto/archivo de sonido o separata spa
Cód. del idioma original y/o traducciones intermedias del texto
080 ## - NÚMERO DE CLASIFICACIÓN DECIMAL UNIVERSAL
Universal Decimal Classification number
100 1# - ASIENTO PRINCIPAL -- NOMBRE PERSONAL
Nombre personal Aldridge, James
240 10 - TITULO UNIFORME
Título uniforme My brother Tom
Idioma de una obra Español
245 10 - MENCIÓN DE TITULO
Título Mi hermano Tom /
Medio (Designación general de material)
Mención de responsabilidad James Aldridge ; traducido por Narcís Fradera
250 ## - MENCIÓN DE EDICION
Mención de edición
260 ## - PUBLICACIÓN, DISTRIBUCIÓN, ETC. (PIE DE IMPRENTA)
Lugar de publicación, distribución, etc Barcelona :
Nombre del editor, distribuidor, etc. Vía Libre
Fecha de publicación, distribución, etc 1966
300 ## - DESCRIPCIÓN FÍSICA
Extensión 246 p.:
Dimensiones 18 cm
490 0# - MENCIÓN DE SERIES
Mención de serie Via libre
Volume/sequential designation 25
942 ## - ADDED ENTRY ELEMENTS (KOHA)
Source of classification or shelving scheme Dewey Decimal Classification
Koha item type Libros
945 ## - INFORMACIÓN DE PROCESAMIENTO LOCAL
Información de procesamiento local Inventariado extranjero / 2017 VM
956 ## - LOCAL ELECTRONIC LOCATION AND ACCESS (OCLC)
Nombre de host VMATEO
Método de acceso 10
Materiales especificados 20160369
Enlace BPMSU
Campo enlazado y núm. de secuencia 0069
Existencias
Withdrawn status Lost status Source of classification or shelving scheme Damaged status Not for loan Collection code Home library Current library Date acquired Source of acquisition Total Checkouts Barcode Date last seen Price effective from Koha item type
    Dewey Decimal Classification     Colección Juvenil General Biblioteca Pública Metropolitana Salomé Ureña Biblioteca Pública Metropolitana Salomé Ureña 03/31/2016 FUNDI   BPMSU16030351 03/31/2016 03/31/2016 Libros